Städte in Mecklenburg-Vorpommern - Statistiken

Allgemein
  • Dieses Quiz wurde 78 mal gespielt
  • Das Durchschnittsergebnis liegt bei 10 aus 15
Answers on the Grid
Answers color-coded by a green-red scale on the quiz's grid according to % correct below.
Schwerin
Rostock
Stralsund
Neubrandenburg
Neustrelitz
Greifswald
Ribnitz-Damgarten
Wismar
Grevesmühlen
Lübeck
Postdam
Plauen
Ludwigslust
Parchim
Naumburg
Stendal
Elsterwerda
Waren (Müritz)
Döbeln
Cottbus
Pasewalk
Pritzwalk
Apolda
Gera
Templin
Quedlinburg
Anklam
Grimmen
Grimma
Oranienburg
 
Antwortstatistiken
Antwort % Korrekt
Stralsund
98%
Schwerin
96%
Rostock
87%
Greifswald
83%
Neustrelitz
77%
Neubrandenburg
75%
Wismar
75%
Ribnitz-Damgarten
63%
Ludwigslust
60%
Waren (Müritz)
60%
Parchim
54%
Grevesmühlen
50%
Anklam
46%
Pasewalk
46%
Grimmen
29%
Keine übereinstimmenden Quizze gefunden
Verteilung der Resultate
Anzahl Personen mit jedem Resultat
Perzentil nach korrekt beantworteten Fragen
Ihre Resultats-Entwicklung
Sie haben dieses Quiz noch nicht gespielt